[Event "Doeberl Cup 41st"]
[Site "Canberra"]
[Date "2003.04.21"]
[Round "7"]
[White "Edwards, Jacob"]
[Black "Lee, Michelle"]
[Result "1/2-1/2"]
[WhiteElo "2093"]
[BlackElo "1861"]
[PlyCount "33"]
[EventDate "2003.04.05"]
[EventType "swiss"]
[EventRounds "7"]
[EventCountry "AUS"]
[SourceTitle "CBM 093 Extra"]
[Source "ChessBase"]
[SourceDate "2003.05.09"]
[SourceVersion "1"]
[SourceVersionDate "2003.05.09"]
[SourceQuality "1"]

1. f4 Nf6 2. Nf3 g6 3. c4 Bg7 4. Nc3 c5 5. e3 0-0 6. d4 b6 7. Bd3 Bb7 8. d5 d6 9. 0-0 e6 10. e4 Qd7 11. Bd2 exd5 12. exd5 Na6 13. Bc2 b5 14. Nxb5 Nxd5 15. cxd5 Qxb5 16. a4 Qc4 17. Bb3 1/2-1/2

[Event "Doeberl Cup 41st"]
[Site "Canberra"]
[Date "2003.04.19"]
[Round "3"]
[White "Bourmistrov, Denis"]
[Black "Edwards, Jacob"]
[Result "1-0"]
[WhiteElo "2195"]
[BlackElo "2093"]
[PlyCount "120"]
[EventDate "2003.04.05"]
[EventType "swiss"]
[EventRounds "7"]
[EventCountry "AUS"]
[SourceTitle "CBM 093 Extra"]
[Source "ChessBase"]
[SourceDate "2003.05.09"]
[SourceVersion "1"]
[SourceVersionDate "2003.05.09"]
[SourceQuality "1"]

1. d4 d5 2. c4 e5 3. e3 exd4 4. exd4 Be6 5. c5 Be7 6. Bd3 Bf6 7. Ne2 Nc6 8. Bb5 Nge7 9. Be3 0-0 10. 0-0 Bd7 11. Nbc3 Be8 12. a3 a5 13. Bd3 Ng6 14. Qb3 Nce7 15. f4 a4 16. Qc2 Nc6 17. Qd2 Na5 18. Qe1 Bc6 19. f5 Nh8 20. Rd1 Re8 21. Qf2 Qe7 22. Bf4 Bg5 23. Kh1 Bxf4 24. Qxf4 Qe3 25. Qh4 f6 26. Rf3 Qg5 27. Qf2 Rad8 28. Nf4 Rd7 29. Ne6 Qh5 30. Rh3 Qf7 31. Rg3 g5 32. Bc2 Nb3 33. Nxa4 Bxa4 34. Bxb3 Bxb3 35. Rxb3 c6 36. Re3 Ree7 37. Qg3 Qe8 38. Rde1 Kf7 39. Qf3 Kg8 40. b4 Nf7 41. Qh5 Nd8 42. Qh6 Nxe6 43. fxe6 Rd8 44. Qxf6 Rg7 45. Rf3 Qe7 46. Qe5 Rf8 47. Rxf8+ Qxf8 48. e7 Qe8 49. Qe6+ Rf7 50. h3 Kg7 51. Qe5+ Kg6 52. Qd6+ Rf6 53. Qd8 Kf7 54. Qc7 h5 55. Qe5 Kg6 56. g3 g4 57. h4 Kg7 58. Qg5+ Rg6 59. Qxh5 Qf7 60. Qe5+ Kh7 1-0

[Event "Bullwinkle CC-ch"]
[Site "Brisbane"]
[Date "2001.09.04"]
[Round "3"]
[White "Edwards, Jacob"]
[Black "Kalokerinos, Paul"]
[Result "1-0"]
[WhiteElo "2093"]
[BlackElo "1794"]
[PlyCount "47"]
[EventDate "2000.??.??"]
[EventType "tourn"]
[EventRounds "3"]
[EventCountry "AUS"]
[SourceTitle "EXT 2006"]
[Source "ChessBase"]
[SourceDate "2005.11.24"]
[SourceVersion "1"]
[SourceVersionDate "2005.11.24"]
[SourceQuality "1"]

1. g4 d5 2. Bg2 Bxg4 3. c4 c6 4. cxd5 Nf6 5. Nc3 Qb6 6. h3 Bd7 7. e4 cxd5 8. exd5 Na6 9. Nge2 Rd8 10. 0-0 g6 11. b4 Bg7 12. b5 Nc7 13. a4 Nfxd5 14. Bxd5 Nxd5 15. Nxd5 Qd6 16. Nec3 Bxc3 17. dxc3 Bxh3 18. c4 Bxf1 19. Ba3 Qe5 20. Kxf1 e6 21. f4 Rxd5 22. fxe5 Rxd1+ 23. Rxd1 h5 24. c5 1-0

[Event "AUS-ch U18"]
[Site "Gold Coast"]
[Date "1994.01.16"]
[Round "4"]
[White "Herlihy, Brian"]
[Black "Edwards, Jacob"]
[Result "0-1"]
[WhiteElo "1250"]
[BlackElo "1618"]
[PlyCount "40"]
[EventDate "1994.01.13"]
[EventType "swiss"]
[EventRounds "11"]
[EventCountry "AUS"]
[SourceTitle "EXT 2024"]
[Source "ChessBase"]
[SourceDate "2023.10.10"]
[SourceVersion "1"]
[SourceVersionDate "2023.10.10"]
[SourceQuality "1"]

1. e4 e5 2. f4 d5 3. exd5 c6 4. Qh5 exf4 5. dxc6 Nxc6 6. Bc4 Qe7+ 7. Qe2 Nd4 8. Qxe7+ Nxe7 9. Kd1 b5 10. Be2 Bb7 11. Nf3 Nxe2 12. Kxe2 g5 13. Rg1 Nf5 14. c3 f6 15. d4 0-0-0 16. Nbd2 Re8+ 17. Kf2 g4 18. Ne1 g3+ 19. hxg3 fxg3+ 20. Kf1 Ne3+ 0-1